[Event "23. Torneo San Viator"]
[Site "Madrid ESP"]
[Date "2014.11.02"]
[Round "6.34"]
[White "Barahona Torrijos, Angel"]
[Black "Castro Uceda, Jose Antonio"]
[Result "0-1"]
[WhiteElo "1845"]
[BlackElo "1582"]
[PlyCount "60"]
[EventDate "2014.09.28"]
[EventType "swiss"]
[EventRounds "9"]
[EventCountry "ESP"]
[SourceTitle "Ajedrez en Madrid"]
[Source "lmi"]
[SourceDate "2014.09.28"]
[SourceVersion "1"]
[SourceVersionDate "2014.12.18"]
[SourceQuality "1"]

1. Nc3 d5 2. e4 d4 3. Nce2 e5 4. f4 Nc6 5. Nf3 f6 6. d3 Bg4 7. Ng3 Bb4+ 8. Kf2
Qe7 9. Be2 O-O-O 10. a3 Bd6 11. b4 exf4 12. Nf5 Bxf5 13. exf5 Qd7 14. Re1 Nce7
15. Nh4 Nh6 16. Bf3 Kb8 17. Bb2 Nhxf5 18. Nxf5 Nxf5 19. Re4 Be5 20. a4 Ne3 21.
Qd2 Rhe8 22. b5 f5 23. Rxe5 Rxe5 24. c4 g5 25. h3 g4 26. hxg4 fxg4 27. Be4 Qe7
28. Rh1 Rxe4 29. dxe4 Qxe4 30. Qe2 Qxg2+ 0-1

[Event "23. Torneo San Viator"]
[Site "Madrid ESP"]
[Date "2014.11.02"]
[Round "6.35"]
[White "Perez Sempere, Alberto"]
[Black "Dominguez Afonso, Ayraldo"]
[Result "1-0"]
[WhiteElo "1845"]
[BlackElo "1571"]
[PlyCount "97"]
[EventDate "2014.09.28"]
[EventType "swiss"]
[EventRounds "9"]
[EventCountry "ESP"]
[SourceTitle "Ajedrez en Madrid"]
[Source "lmi"]
[SourceDate "2014.09.28"]
[SourceVersion "1"]
[SourceVersionDate "2014.12.18"]
[SourceQuality "1"]

1. e4 e6 2. d3 d5 3. Nd2 c5 4. Ngf3 Nf6 5. g3 Nc6 6. Bg2 g6 7. O-O Bg7 8. Re1
O-O 9. c3 Re8 10. Qe2 d4 11. c4 a6 12. Nf1 h6 13. h4 Rb8 14. e5 Nd7 15. Bf4 b5
16. b3 bxc4 17. bxc4 Rb4 18. Rab1 Qb6 19. Rxb4 Nxb4 20. a3 Nc6 21. N1h2 Ne7 22.
g4 Bb7 23. Nd2 Bxg2 24. Kxg2 Qb2 25. Rb1 Qxa3 26. Rb7 Rd8 27. Nhf3 Nc6 28. Rb3
Qa5 29. Qe4 Qc7 30. Bg3 Nb4 31. Nxd4 Nxe5 32. N4f3 Nbc6 33. d4 cxd4 34. c5 Rd5
35. Nc4 Rxc5 36. Ncxe5 Nxe5 37. Nxd4 Rc4 38. Qa8+ Kh7 39. Nf3 Rxg4 40. Qxa6 Qe7
41. Rb7 Qf6 42. Nxe5 Qxe5 43. Rxf7 Qd5+ 44. Kh2 Rc4 45. Qa1 Qd4 46. Qxd4 Rxd4
47. Be5 Kg8 48. Rxg7+ Kf8 49. Bxd4 1-0

[Event "23. Torneo San Viator"]
[Site "Madrid ESP"]
[Date "2014.11.02"]
[Round "6.36"]
[White "Lopez Ramirez, Rafael"]
[Black "Cortijo Manso, Luis"]
[Result "1-0"]
[WhiteElo "1780"]
[BlackElo "1546"]
[PlyCount "120"]
[EventDate "2014.09.28"]
[EventType "swiss"]
[EventRounds "9"]
[EventCountry "ESP"]
[SourceTitle "Ajedrez en Madrid"]
[Source "lmi"]
[SourceDate "2014.09.28"]
[SourceVersion "1"]
[SourceVersionDate "2014.12.18"]
[SourceQuality "1"]

1. d4 Nf6 2. c4 c5 3. d5 b5 4. cxb5 a6 5. bxa6 g6 6. a7 Rxa7 7. Nc3 Ba6 8. e4
Bxf1 9. Kxf1 d6 10. Nge2 Nbd7 11. g3 Bg7 12. Kg2 O-O 13. Qc2 Qa8 14. a3 Rb8 15.
Rb1 Ne8 16. Be3 Nc7 17. Rhd1 h6 18. Nf4 Ne5 19. Nd3 Nc4 20. Bc1 Na5 21. Ne2 Nb3
22. Be3 Na6 23. Ndc1 Rab7 24. Nxb3 Rxb3 25. Nc3 Qb7 26. Na4 Qb5 27. Nxc5 dxc5
28. Rdc1 Rxb2 29. Rxb2 Bxb2 30. Rb1 Qb3 31. Qxb3 Rxb3 32. Bc1 c4 33. Rxb2 Rxb2
34. Bxb2 Nc5 35. f3 Na4 36. Bc1 c3 37. Kf2 h5 38. Ke2 Nc5 39. Be3 Na4 40. Kd3
Kf8 41. Bd4 Ke8 42. Bxc3 Nc5+ 43. Kc4 Nd7 44. Bd4 Kd8 45. Kb5 Kc7 46. h4 Kb7
47. f4 Nb8 48. Bc5 e6 49. d6 Nd7 50. Bd4 f6 51. a4 f5 52. e5 Nb8 53. a5 Nd7 54.
a6+ Ka8 55. Kc6 Nb8+ 56. Kb6 Nd7+ 57. Kc7 Nb8 58. a7 Na6+ 59. Kd7 g5 60. hxg5
h4 1-0

[Event "23. Torneo San Viator"]
[Site "Madrid ESP"]
[Date "2014.11.02"]
[Round "6.37"]
[White "Brasa Olmos, Joaquin"]
[Black "Alonso Penalver, Angel"]
[Result "0-1"]
[WhiteElo "1527"]
[BlackElo "1716"]
[PlyCount "56"]
[EventDate "2014.09.28"]
[EventType "swiss"]
[EventRounds "9"]
[EventCountry "ESP"]
[SourceTitle "Ajedrez en Madrid"]
[Source "lmi"]
[SourceDate "2014.09.28"]
[SourceVersion "1"]
[SourceVersionDate "2014.12.18"]
[SourceQuality "1"]

1. d4 Nf6 2. Nf3 e6 3. Bg5 d5 4. e3 Be7 5. c4 c6 6. Nc3 O-O 7. Bd3 h6 8. Bh4
dxc4 9. Bxc4 b5 10. Bd3 Bb7 11. Ne5 Nbd7 12. f4 b4 13. Nxd7 Qxd7 14. Bxf6 Bxf6
15. Ne4 Bh4+ 16. g3 Be7 17. O-O Rfd8 18. f5 exf5 19. Qb3 c5 20. Nxc5 Bxc5 21.
Rxf5 Bxd4 22. Bc2 Qc6 23. Kf2 Bxe3+ 24. Kxe3 Re8+ 25. Kd2 Rad8+ 26. Bd3 Qg2+
27. Kd1 Qh1+ 28. Rf1 Qxf1+ 0-1

[Event "23. Torneo San Viator"]
[Site "Madrid ESP"]
[Date "2014.11.02"]
[Round "6.38"]
[White "Gallego Romero, Manuel"]
[Black "Del Noval Nemeshazi, Nesztor"]
[Result "0-1"]
[WhiteElo "1500"]
[BlackElo "1686"]
[PlyCount "52"]
[EventDate "2014.09.28"]
[EventType "swiss"]
[EventRounds "9"]
[EventCountry "ESP"]
[SourceTitle "Ajedrez en Madrid"]
[Source "lmi"]
[SourceDate "2014.09.28"]
[SourceVersion "1"]
[SourceVersionDate "2014.12.18"]
[SourceQuality "1"]

1. e4 c5 2. Bc4 e6 3. Nc3 Nc6 4. a3 Nf6 5. d3 d5 6. exd5 exd5 7. Ba2 Be6 8. Nf3
h6 9. O-O Bd6 10. Re1 O-O 11. h3 Qd7 12. Rxe6 fxe6 13. Bd2 Rae8 14. Ne2 Qc7 15.
d4 Ne4 16. Be3 c4 17. Nc3 Nxc3 18. bxc3 Qa5 19. Qd2 Qxa3 20. Bxh6 gxh6 21. Qxh6
Rxf3 22. gxf3 Re7 23. Qe3 Qb2 24. Qc1 Qxc3 25. Qd1 Rg7+ 26. Kf1 Bh2 0-1

[Event "23. Torneo San Viator"]
[Site "Madrid ESP"]
[Date "2014.11.02"]
[Round "6.39"]
[White "Jimenez Manzano, Emiliano"]
[Black "Blanco Ruiz, Cesar"]
[Result "0-1"]
[WhiteElo "1490"]
[BlackElo "1657"]
[PlyCount "48"]
[EventDate "2014.09.28"]
[EventType "swiss"]
[EventRounds "9"]
[EventCountry "ESP"]
[SourceTitle "Ajedrez en Madrid"]
[Source "lmi"]
[SourceDate "2014.09.28"]
[SourceVersion "1"]
[SourceVersionDate "2014.12.18"]
[SourceQuality "1"]

1. e4 e6 2. c4 d5 3. Nc3 d4 4. Nce2 c5 5. d3 e5 6. f4 Nc6 7. Nf3 f5 8. Ng3 fxe4
9. Nxe4 Nf6 10. Ng3 Bg4 11. h3 Bxf3 12. Qxf3 Bd6 13. Ne2 O-O 14. f5 Qb6 15. a3
e4 16. dxe4 Ne5 17. Qg3 Nxe4 18. Qh4 Nf6 19. Nf4 Qb3 20. a4 Rae8 21. Ne6 Nd3+
22. Bxd3 Qxd3 23. Ra3 Qxf5 24. Rf3 Qxe6+ 0-1

[Event "23. Torneo San Viator"]
[Site "Madrid ESP"]
[Date "2014.11.02"]
[Round "6.40"]
[White "Enriquez Pastor, Jorge"]
[Black "Sierra Bermejo, Gregorio"]
[Result "0-1"]
[WhiteElo "1445"]
[BlackElo "1654"]
[PlyCount "37"]
[EventDate "2014.09.28"]
[EventType "swiss"]
[EventRounds "9"]
[EventCountry "ESP"]
[SourceTitle "Ajedrez en Madrid"]
[Source "lmi"]
[SourceDate "2014.09.28"]
[SourceVersion "1"]
[SourceVersionDate "2014.12.18"]
[SourceQuality "1"]

1. e4 c5 2. c3 Nf6 3. e5 Nd5 4. d4 e6 5. Nf3 Nc6 6. Bd3 d6 7. exd6 cxd4 8. cxd4
Bxd6 9. O-O O-O 10. Be4 Nce7 11. Bxd5 Nxd5 12. Nc3 Nxc3 13. bxc3 Qc7 14. Qd3 b6
15. h3 f5 16. Bb2 Bb7 17. Rfe1 Be4 18. Qe2 Rf6 19. Ng5 0-1

[Event "23. Torneo San Viator"]
[Site "Madrid ESP"]
[Date "2014.11.02"]
[Round "6.41"]
[White "Martin Rodriguez, Jose Luis"]
[Black "Callejas Torres, Alejandro"]
[Result "1-0"]
[WhiteElo "1430"]
[BlackElo "1638"]
[PlyCount "81"]
[EventDate "2014.09.28"]
[EventType "swiss"]
[EventRounds "9"]
[EventCountry "ESP"]
[SourceTitle "Ajedrez en Madrid"]
[Source "lmi"]
[SourceDate "2014.09.28"]
[SourceVersion "1"]
[SourceVersionDate "2014.12.18"]
[SourceQuality "1"]

1. e4 e6 2. d4 d5 3. Nc3 dxe4 4. Nxe4 Nf6 5. Nxf6+ Qxf6 6. Nf3 h6 7. Be2 Bd6 8.
c3 Nd7 9. Be3 b6 10. Qc2 Bb7 11. O-O-O Bf4 12. Qd2 Bxe3 13. Qxe3 O-O-O 14. Rhe1
Rhe8 15. Rg1 e5 16. dxe5 Nxe5 17. Rxd8+ Kxd8 18. Rd1+ Kc8 19. Bb5 Re6 20. Nxe5
Rxe5 21. Bd7+ Kb8 22. Qd4 Qg5+ 23. f4 Qxg2 24. Qxe5 a5 25. Rd2 Qh1+ 26. Rd1 Qg2
27. Re1 h5 28. c4 f6 29. Qe2 h4 30. Qxg2 Bxg2 31. Re7 g5 32. fxg5 fxg5 33. Rg7
Bf1 34. Bc6 Bxc4 35. b3 Be6 36. Rxg5 h3 37. Rh5 Ka7 38. Rh8 b5 39. Bxb5 Kb6 40.
Bf1 a4 41. bxa4 1-0

[Event "23. Torneo San Viator"]
[Site "Madrid ESP"]
[Date "2014.11.02"]
[Round "6.42"]
[White "Aguilera Prada, Alejandro"]
[Black "Moreno Sanchez, Guillermo"]
[Result "0-1"]
[WhiteElo "1417"]
[BlackElo "1629"]
[PlyCount "60"]
[EventDate "2014.09.28"]
[EventType "swiss"]
[EventRounds "9"]
[EventCountry "ESP"]
[SourceTitle "Ajedrez en Madrid"]
[Source "lmi"]
[SourceDate "2014.09.28"]
[SourceVersion "1"]
[SourceVersionDate "2014.12.18"]
[SourceQuality "1"]

1. e4 c5 2. Nf3 d6 3. d4 cxd4 4. Nxd4 Nf6 5. Nc3 a6 6. Be2 g6 7. O-O Bg7 8. Be3
O-O 9. h3 b5 10. Bf3 e5 11. Nde2 Qc7 12. a4 b4 13. Nd5 Nxd5 14. exd5 a5 15. b3
f5 16. Nc1 e4 17. Be2 Bxa1 18. Bd4 Bxd4 19. Qxd4 Nd7 20. Bc4 Qc5 21. Qd2 Ba6
22. Bxa6 Rxa6 23. Ne2 Qc8 24. Nd4 Nc5 25. Rc1 Qd7 26. Qf4 Raa8 27. Nc6 Nb7 28.
Qg5 Rfe8 29. Qf6 Qg7 30. Qg5 Nd8 0-1

[Event "23. Torneo San Viator"]
[Site "Madrid ESP"]
[Date "2014.11.02"]
[Round "6.43"]
[White "Estirado De Cabo, Cesar"]
[Black "Fogue Caro, David"]
[Result "1/2-1/2"]
[WhiteElo "1404"]
[BlackElo "1617"]
[PlyCount "130"]
[EventDate "2014.09.28"]
[EventType "swiss"]
[EventRounds "9"]
[EventCountry "ESP"]
[SourceTitle "Ajedrez en Madrid"]
[Source "lmi"]
[SourceDate "2014.09.28"]
[SourceVersion "1"]
[SourceVersionDate "2014.12.18"]
[SourceQuality "1"]

1. d4 Nf6 2. c4 g6 3. Nc3 Bg7 4. e4 d6 5. Nf3 O-O 6. Be2 Nbd7 7. O-O e5 8. h3
exd4 9. Nxd4 Re8 10. f3 a5 11. Be3 Nc5 12. Nb3 Nxb3 13. axb3 Bd7 14. Qd2 Nh5
15. Bd4 Bxd4+ 16. Qxd4 Nf4 17. Rae1 Qg5 18. g4 Nxh3+ 19. Kg2 Nf4+ 20. Kg3 Ne6
21. Qg1 Qf4+ 22. Kf2 Bc6 23. Qg3 Qxg3+ 24. Kxg3 Nd4 25. Bd1 Re7 26. b4 b6 27.
Nd5 Bxd5 28. cxd5 Ree8 29. Ba4 b5 30. Rd1 Nxf3 31. Kxf3 bxa4 32. bxa5 Rxa5 33.
Rc1 Rc8 34. Rc3 Ra6 35. Rfc1 Rb6 36. R1c2 Rb3 37. Rxb3 axb3 38. Rc3 Ra8 39.
Rxb3 Ra2 40. Rb7 Kg7 41. Ke3 Kf6 42. Rxc7 Rxb2 43. Rd7 Rb3+ 44. Kd4 Rb4+ 45.
Ke3 Ke5 46. Re7+ Kf6 47. Rd7 Rb3+ 48. Kd4 Rg3 49. Rxd6+ Ke7 50. Ra6 Rxg4 51.
Ra7+ Kf8 52. d6 f5 53. Ra8+ Kf7 54. Ra7+ Ke6 55. d7 Rxe4+ 56. Kc5 Ke7 57. Kc6
Rd4 58. d8=Q+ Kxd8 59. Rxh7 f4 60. Rg7 f3 61. Rxg6 Rf4 62. Kd5 Ke8 63. Ke5 Kf8
64. Rg1 f2 65. Rf1 Kf7 1/2-1/2

[Event "23. Torneo San Viator"]
[Site "Madrid ESP"]
[Date "2014.11.02"]
[Round "6.44"]
[White "Corral Sanchez, Jesus"]
[Black "Perez Perez, Marta"]
[Result "1-0"]
[WhiteElo "1605"]
[BlackElo "1364"]
[PlyCount "97"]
[EventDate "2014.09.28"]
[EventType "swiss"]
[EventRounds "9"]
[EventCountry "ESP"]
[SourceTitle "Ajedrez en Madrid"]
[Source "lmi"]
[SourceDate "2014.09.28"]
[SourceVersion "1"]
[SourceVersionDate "2014.12.18"]
[SourceQuality "1"]

1. e4 e5 2. Nf3 Nc6 3. Bb5 a6 4. Ba4 Nf6 5. O-O b5 6. Bb3 Bc5 7. d3 h6 8. c3 d6
9. h3 O-O 10. Be3 Ba7 11. Nbd2 Ne7 12. Nh4 Nc6 13. Ndf3 Qe7 14. Ng6 Qe8 15.
Nxf8 Qxf8 16. Qd2 Qd8 17. Bxa7 Rxa7 18. Qe3 Ra8 19. a4 Rb8 20. Rab1 Nh5 21.
axb5 axb5 22. d4 Qf6 23. Kh2 Nf4 24. Rg1 Ne7 25. dxe5 dxe5 26. Rbd1 Neg6 27. g4
Qc6 28. Rd2 Qf6 29. Rg3 Be6 30. Bxe6 Qxe6 31. Qc5 Qb6 32. Qxb6 Rxb6 33. Rg1 Ne6
34. Re1 f6 35. Ng1 Nc5 36. f3 Nf4 37. Red1 Nfe6 38. h4 b4 39. Ne2 Kf7 40. Kg3
g6 41. c4 h5 42. gxh5 gxh5 43. Rd5 Ke7 44. Kf2 Rc6 45. Ng3 Nf4 46. Nf5+ Ke6 47.
Rd8 Nb7 48. R8d7 Nc5 49. Ng7# 1-0

[Event "23. Torneo San Viator"]
[Site "Madrid ESP"]
[Date "2014.11.02"]
[Round "6.46"]
[White "Manso Santamaria, Juan Carlos"]
[Black "Santos Burkholz, Mario"]
[Result "1-0"]
[WhiteElo "1647"]
[BlackElo "1426"]
[PlyCount "39"]
[EventDate "2014.09.28"]
[EventType "swiss"]
[EventRounds "9"]
[EventCountry "ESP"]
[SourceTitle "Ajedrez en Madrid"]
[Source "lmi"]
[SourceDate "2014.09.28"]
[SourceVersion "1"]
[SourceVersionDate "2014.12.18"]
[SourceQuality "1"]

1. e4 e6 2. d4 d5 3. Nc3 Nf6 4. e5 Nfd7 5. f4 c5 6. Nf3 Nc6 7. Be3 Qb6 8. Rb1
cxd4 9. Nxd4 Nxd4 10. Bxd4 Qa5 11. Be2 Bb4 12. a3 Bxc3+ 13. Bxc3 Qc7 14. O-O
O-O 15. Bd3 b6 16. Rf3 Nc5 17. Bxh7+ Kh8 18. Rh3 g5 19. Qh5 f6 20. Bg6+ 1-0

[Event "23. Torneo San Viator"]
[Site "Madrid ESP"]
[Date "2014.11.02"]
[Round "6.48"]
[White "Hidalgo Prado, David"]
[Black "Jimenez Sanchez, Juan Daniel"]
[Result "1-0"]
[WhiteElo "1449"]
[BlackElo "1367"]
[PlyCount "65"]
[EventDate "2014.09.28"]
[EventType "swiss"]
[EventRounds "9"]
[EventCountry "ESP"]
[SourceTitle "Ajedrez en Madrid"]
[Source "lmi"]
[SourceDate "2014.09.28"]
[SourceVersion "1"]
[SourceVersionDate "2014.12.18"]
[SourceQuality "1"]

1. e4 c6 2. d4 d5 3. exd5 cxd5 4. c4 Nf6 5. Nc3 e6 6. Nf3 Nbd7 7. cxd5 exd5 8.
Bb5 a6 9. Ba4 b5 10. Bb3 Nb6 11. O-O Be7 12. Ne5 Bb7 13. a3 O-O 14. Bd2 Re8 15.
Ng4 Nbd7 16. Ne3 Rc8 17. Nf5 Bf8 18. Qf3 b4 19. axb4 Bxb4 20. Ba4 Qc7 21. Bf4
Qd8 22. Bd6 Bxc3 23. bxc3 Ne4 24. Qg4 g6 25. Ne7+ Rxe7 26. Bxe7 Qxe7 27. Qxd7
Qxd7 28. Bxd7 Rxc3 29. Rfc1 Rd3 30. Rc7 Nd6 31. Bg4 Rxd4 32. Bf3 a5 33. Rd7 1-0

[Event "23. Torneo San Viator"]
[Site "Madrid ESP"]
[Date "2014.11.02"]
[Round "6.49"]
[White "Ortiz Alonso, Carlos"]
[Black "Fernandez Santos, Nicolas"]
[Result "1-0"]
[WhiteElo "1349"]
[BlackElo "1430"]
[PlyCount "56"]
[EventDate "2014.09.28"]
[EventType "swiss"]
[EventRounds "9"]
[EventCountry "ESP"]
[SourceTitle "Ajedrez en Madrid"]
[Source "lmi"]
[SourceDate "2014.09.28"]
[SourceVersion "1"]
[SourceVersionDate "2014.12.18"]
[SourceQuality "1"]

1. e4 e5 2. Nf3 Nc6 3. Bc4 Bc5 4. c3 d6 5. O-O Bg4 6. d3 Na5 7. Bb5+ c6 8. Ba4
b5 9. Bc2 Nb7 10. d4 Bxf3 11. Qxf3 exd4 12. cxd4 Bxd4 13. Bb3 Qf6 14. Qe2 Nc5
15. Nc3 Nxb3 16. axb3 Bxc3 17. bxc3 Qxc3 18. Bb2 Qxb3 19. Bxg7 f6 20. Bxh8 Qf7
21. Ra6 Kd7 22. Rfa1 Kd8 23. Qe3 Qb7 24. Rxa7 Rxa7 25. Qxa7 Qxa7 26. Rxa7 b4
27. Ra8+ Ke7 28. Rxg8 b3 1-0

[Event "23. Torneo San Viator"]
[Site "Madrid ESP"]
[Date "2014.11.02"]
[Round "6.50"]
[White "Borras Cerda, Carlos"]
[Black "Del Noval Nemeshazi, Mario"]
[Result "0-1"]
[WhiteElo "1384"]
[BlackElo "1309"]
[PlyCount "71"]
[EventDate "2014.09.28"]
[EventType "swiss"]
[EventRounds "9"]
[EventCountry "ESP"]
[SourceTitle "Ajedrez en Madrid"]
[Source "lmi"]
[SourceDate "2014.09.28"]
[SourceVersion "1"]
[SourceVersionDate "2014.12.18"]
[SourceQuality "1"]

1. d4 Nf6 2. Nf3 g6 3. Bg5 Bg7 4. e3 d5 5. Bd3 O-O 6. Nbd2 c5 7. c3 cxd4 8.
exd4 Nc6 9. Qc2 Re8 10. Bf4 Bd7 11. Be5 Nxe5 12. Nxe5 Ng4 13. Ndf3 f6 14. Nxd7
Qxd7 15. h3 Nh6 16. O-O-O e5 17. Qb3 e4 18. Bb5 Qd6 19. Bxe8 exf3 20. Ba4 fxg2
21. Rhg1 b6 22. Rxg2 Qf4+ 23. Kb1 Qe4+ 24. Ka1 Qxg2 25. Bc6 Rd8 26. Qc2 Qxh3
27. a4 Ng4 28. Rd2 Qf1+ 29. Ka2 Qc4+ 30. b3 Qxc6 31. f3 Ne3 32. Qd3 Nf5 33. Rh2
b5 34. a5 Qd6 35. Qe2 Qc7 36. b4 0-1

[Event "23. Torneo San Viator"]
[Site "Madrid ESP"]
[Date "2014.11.02"]
[Round "6.51"]
[White "Jarne Ubieto, Francisco"]
[Black "Del Noval Perez, Jeronimo"]
[Result "0-1"]
[WhiteElo "1356"]
[BlackElo "1448"]
[PlyCount "74"]
[EventDate "2014.09.28"]
[EventType "swiss"]
[EventRounds "9"]
[EventCountry "ESP"]
[SourceTitle "Ajedrez en Madrid"]
[Source "lmi"]
[SourceDate "2014.09.28"]
[SourceVersion "1"]
[SourceVersionDate "2014.12.18"]
[SourceQuality "1"]

1. d4 Nf6 2. e3 g6 3. Nf3 Bg7 4. Bd3 d5 5. O-O O-O 6. b3 c5 7. Bb2 cxd4 8. Bxd4
Nc6 9. Bb2 Nb4 10. Be2 Bf5 11. Nd4 Nd7 12. c3 Bxd4 13. Qxd4 Nc2 14. Qxd5 Nxa1
15. Bxa1 Qc7 16. Nd2 Nb6 17. Qf3 Rfd8 18. Nc4 Rd7 19. h3 Rad8 20. e4 Be6 21.
Ne3 Rd2 22. c4 Rxa2 23. Nd5 Bxd5 24. exd5 Qd6 25. Qe3 Qc7 26. Bg4 f6 27. Re1
Nc8 28. Be6+ Kg7 29. Bc3 Nd6 30. g4 g5 31. f4 Qb6 32. Bd4 Qb4 33. fxg5 Qd2 34.
gxf6+ exf6 35. Bxf6+ Kxf6 36. Kf1 Ke7 37. Bc8+ Qxe3 0-1

[Event "23. Torneo San Viator"]
[Site "Madrid ESP"]
[Date "2014.11.02"]
[Round "6.52"]
[White "Jimenez Perez, Federico"]
[Black "Fernandez Rodriguez, Alberto"]
[Result "0-1"]
[WhiteElo "1334"]
[BlackElo "1417"]
[PlyCount "58"]
[EventDate "2014.09.28"]
[EventType "swiss"]
[EventRounds "9"]
[EventCountry "ESP"]
[SourceTitle "Ajedrez en Madrid"]
[Source "lmi"]
[SourceDate "2014.09.28"]
[SourceVersion "1"]
[SourceVersionDate "2014.12.18"]
[SourceQuality "1"]

1. e4 d6 2. d4 Nf6 3. Nc3 g6 4. Nf3 Bg7 5. Bc4 O-O 6. Bg5 Nbd7 7. e5 dxe5 8.
dxe5 Ne8 9. e6 fxe6 10. Bxe6+ Kh8 11. O-O Nef6 12. Re1 c6 13. Qd2 Qc7 14. Bh6
Nb6 15. Bxg7+ Kxg7 16. b3 Bxe6 17. Rxe6 Nbd5 18. Nxd5 Nxd5 19. Qd4+ Kg8 20. Qh4
Rf4 21. Qh6 Rxf3 22. gxf3 Rf8 23. Rc1 Rf7 24. h4 Qd8 25. h5 Rg7 26. Kh1 Nc7 27.
hxg6 Nxe6 28. gxh7+ Rxh7 29. Rg1+ Kh8 0-1

[Event "23. Torneo San Viator"]
[Site "Madrid ESP"]
[Date "2014.11.02"]
[Round "6.53"]
[White "Sirera Andres, Dario"]
[Black "Sanz Soriano, Ruben"]
[Result "0-1"]
[WhiteElo "1370"]
[BlackElo "1304"]
[PlyCount "74"]
[EventDate "2014.09.28"]
[EventType "swiss"]
[EventRounds "9"]
[EventCountry "ESP"]
[SourceTitle "Ajedrez en Madrid"]
[Source "lmi"]
[SourceDate "2014.09.28"]
[SourceVersion "1"]
[SourceVersionDate "2014.12.18"]
[SourceQuality "1"]

1. e4 d6 2. d4 Nd7 3. Nc3 Ngf6 4. f4 e6 5. Nf3 Be7 6. Be3 O-O 7. Qd2 d5 8. e5
Ng4 9. O-O-O f6 10. h3 Nxe3 11. Qxe3 c5 12. g4 Qc7 13. Re1 cxd4 14. Nxd5 Bc5
15. Nxd4 a6 16. Nxe6 Bxe3+ 17. Rxe3 Qb6 18. g5 Qxe6 19. Bc4 Kh8 20. exf6 Qc6
21. fxg7+ Kxg7 22. Re7+ Rf7 23. Rxf7+ Kxf7 24. Ne3+ Ke8 25. Rf1 Nb6 26. Bb3 Bd7
27. f5 Kd8 28. f6 Kc7 29. f7 Rf8 30. h4 Be6 31. Kb1 Rxf7 32. Rxf7+ Bxf7 33. a3
Bxb3 34. cxb3 Qe4+ 35. Nc2 Qxh4 36. Ka2 Qxg5 37. Nb4 Qg4 0-1

[Event "23. Torneo San Viator"]
[Site "Madrid ESP"]
[Date "2014.11.09"]
[Round "7.1"]
[White "Vazquez Gonzalez, Jesus"]
[Black "Renteria, Jorge"]
[Result "0-1"]
[WhiteElo "2034"]
[BlackElo "2313"]
[PlyCount "86"]
[EventDate "2014.09.28"]
[EventType "swiss"]
[EventRounds "9"]
[EventCountry "ESP"]
[SourceTitle "Ajedrez en Madrid"]
[Source "lmi"]
[SourceDate "2014.09.28"]
[SourceVersion "1"]
[SourceVersionDate "2014.12.18"]
[SourceQuality "1"]

1. e4 c5 2. Nf3 d6 3. d4 cxd4 4. Nxd4 Nf6 5. Nc3 a6 6. Be2 e5 7. Nb3 Be7 8. O-O
O-O 9. Re1 Be6 10. Bf3 Nbd7 11. a4 b6 12. Nd2 Qc7 13. Nf1 Rfc8 14. Ne3 Bf8 15.
Re2 Qc5 16. Ned5 Bxd5 17. Nxd5 Nxd5 18. exd5 f5 19. Be3 Qc4 20. b3 Qc3 21. g3
b5 22. Bg2 g6 23. Ra2 Bg7 24. Bc1 Qc5 25. Be3 Qc3 26. Bc1 b4 27. a5 e4 28. Bb2
Qc5 29. Bc1 Bd4 30. Bf1 Ne5 31. Be3 Bxe3 32. Rxe3 Ra7 33. h3 Rf8 34. Be2 f4 35.
Rxe4 fxg3 36. Qd4 Qxd4 37. Rxd4 Rxf2 38. Re4 h5 39. Ra4 Rc7 40. Ra2 h4 41. Bg4
Kg7 42. Rxb4 Rcf7 43. Ra1 g2 0-1

[Event "23. Torneo San Viator"]
[Site "Madrid ESP"]
[Date "2014.11.09"]
[Round "7.2"]
[White "Elissalt Cardenas, Hector"]
[Black "Nunez Miranda, Adrian"]
[Result "1-0"]
[WhiteElo "2334"]
[BlackElo "2120"]
[PlyCount "127"]
[EventDate "2014.09.28"]
[EventType "swiss"]
[EventRounds "9"]
[EventCountry "ESP"]
[SourceTitle "Ajedrez en Madrid"]
[Source "lmi"]
[SourceDate "2014.09.28"]
[SourceVersion "1"]
[SourceVersionDate "2014.12.18"]
[SourceQuality "1"]

1. c4 e5 2. Nc3 d6 3. Nf3 g6 4. e3 f5 5. d4 e4 6. Ng1 Nf6 7. h4 Bg7 8. Nh3 Be6
9. Nf4 Bf7 10. Qb3 Qc8 11. Bd2 c6 12. Be2 Nbd7 13. Qc2 Nf8 14. d5 N8d7 15.
O-O-O Ne5 16. f3 b5 17. cxb5 cxd5 18. Kb1 O-O 19. Bc1 Qb7 20. Rd4 Rfc8 21. h5
Ne8 22. Qb3 Nc4 23. hxg6 hxg6 24. Qd1 Bxd4 25. Qxd4 Ne5 26. Nfxd5 Bxd5 27. Nxd5
Rc5 28. Nc3 Qg7 29. fxe4 Nf7 30. Qb4 Qe5 31. exf5 Qxf5+ 32. e4 Qe6 33. Be3 Rcc8
34. Bd4 Ne5 35. Qa4 Nf6 36. Qd1 Kg7 37. g4 g5 38. Qd2 Kg6 39. Rf1 Rh8 40. b3
Rh2 41. Rf5 Nh7 42. Nd5 Nxg4 43. Rxg5+ Nxg5 44. Nf4+ Kf7 45. Nxe6 Nxe6 46. Qc3
Ne5 47. Bxe5 dxe5 48. Bc4 Rd8 49. Bd5 Rh5 50. Qf3+ Kg6 51. Bxe6 Rg5 52. Qf7+
Kh6 53. Qf6+ Rg6 54. Qxd8 Rxe6 55. Qf8+ Kg5 56. Qf5+ Kh4 57. Qxe6 Kg5 58. Qf7
Kg4 59. Kc2 Kg3 60. Kd2 Kh2 61. Qg6 Kh1 62. Ke2 a5 63. Kf2 a4 64. Qg2# 1-0

[Event "23. Torneo San Viator"]
[Site "Madrid ESP"]
[Date "2014.11.09"]
[Round "7.3"]
[White "Escribano Serrano, Pedro"]
[Black "Garcia-Ruiz Fuentes, Angel M"]
[Result "0-1"]
[WhiteElo "1771"]
[BlackElo "2062"]
[PlyCount "124"]
[EventDate "2014.09.28"]
[EventType "swiss"]
[EventRounds "9"]
[EventCountry "ESP"]
[SourceTitle "Ajedrez en Madrid"]
[Source "lmi"]
[SourceDate "2014.09.28"]
[SourceVersion "1"]
[SourceVersionDate "2014.12.18"]
[SourceQuality "1"]

1. d4 Nf6 2. Nf3 g6 3. Bg5 Bg7 4. Nbd2 c5 5. e3 Nc6 6. c3 d6 7. Bd3 Be6 8. O-O
Qb6 9. b3 Nd5 10. Rc1 cxd4 11. Nc4 Qd8 12. cxd4 Bg4 13. h3 Bxf3 14. Qxf3 Nf6
15. Rfd1 O-O 16. Bb1 Rc8 17. d5 Nb4 18. e4 b5 19. Ne3 Qa5 20. Ng4 Nxa2 21. Bxa2
Qxa2 22. Ra1 Qb2 23. Rxa7 Nxg4 24. hxg4 Rc3 25. Rd3 Qb1+ 26. Rd1 Qc2 27. Rd2
Qxb3 28. Be3 Rc1+ 29. Kh2 Re8 30. Rda2 Be5+ 31. g3 b4 32. Ra8 Rcc8 33. R8a6 Bd4
34. Re2 Rc3 35. Qf4 Bxe3 36. fxe3 Rc2 37. Qf2 Rec8 38. Kh3 Rxe2 39. Qxe2 Qc4
40. Qxc4 Rxc4 41. Rc6 Rxe4 42. Rb6 Kg7 43. g5 h6 44. gxh6+ Kxh6 45. Rb7 Kg5 46.
Kg2 Kg4 47. Kf2 Kg5 48. Kf3 f5 49. Kf2 Kf6 50. Kf3 e6 51. Rb6 Ke5 52. dxe6 Kxe6
53. Kf2 Kd5 54. Rb8 Kc6 55. Rg8 Rg4 56. Rb8 Kd5 57. Rc8 Rc4 58. Rg8 b3 59. Rb8
Rc2+ 60. Kf3 b2 61. Kf4 Kc4 62. Rc8+ Kd3 0-1